000 00486nam a2200181Ia 4500
008 090124s9999 xx 000 0 und d
082 _b105713
100 _aकेळकर वा. बा.
245 _a त्राटिका
250 _a1
260 _c1956
300 _a18+127
600 _aकेळकर वा. बा.
630 _a त्राटिका
700 _aकेळकर वा. बा.
730 _a त्राटिका
942 _cBOOK
999 _c151804
_d151804